| 000 | 00412nam a22001337a 4500 | ||
|---|---|---|---|
| 008 | 140113b xxu||||| |||| 00| 0 eng d | ||
| 050 | _aLC268.P995 | ||
| 100 |
_aPybus, Elizabeth _96589 |
||
| 245 |
_aValues, education and responsibility _cElizabeth Pybus |
||
| 260 |
_aFife, UK _bUniversity of St. Andrews _c1995 |
||
| 300 |
_a34p.; _c21cm |
||
| 650 |
_aEducation _xPhilosophy _96590 |
||
| 942 |
_2lcc _cMONOGRAPH _01 |
||
| 999 |
_c119546 _d119546 |
||